[Event "6th EICC"]
[Site "Warsaw POL"]
[Date "2005.06.21"]
[Round "4"]
[White "Anastasian,A"]
[Black "Siebrecht,S"]
[Result "0-1"]
[WhiteElo "2574"]
[BlackElo "2438"]
[EventDate "2005.06.18"]

1. d4 Nf6 2. c4 g6 3. Nc3 d5 4. Bg5 Ne4 5. Bh4 Nxc3 6. bxc3 Bg7 7. e3 c5 8.
Nf3 Nc6 9. Be2 dxc4 10. Bxc4 cxd4 11. cxd4 Qa5+ 12. Nd2 O-O 13. O-O Bf5 14.
Rc1 Qb4 15. Bd5 e5 16. Bxc6 bxc6 17. Nb3 a5 18. g4 Be6 19. Rxc6 a4 20. Nc5
Bxa2 21. Qa1 Bd5 22. Rd6 Bf3 23. Rb1 Qa5 24. Nd7 a3 25. Nxf8 a2 26. Rf1
Bxf8 27. dxe5 Bxd6 28. exd6 Qd5 29. Qf6 Qd3 30. Re1 Qb1 0-1

[Event "6th EICC"]
[Site "Warsaw POL"]
[Date "2005.06.21"]
[Round "4"]
[White "Korneev,O"]
[Black "Andreikin,D"]
[Result "1/2-1/2"]
[WhiteElo "2611"]
[BlackElo "2495"]
[EventDate "2005.06.18"]

1. e4 g6 2. d4 Bg7 3. Nc3 c6 4. Nf3 d5 5. h3 Nf6 6. Bd3 dxe4 7. Nxe4 Nxe4
8. Bxe4 Bf5 9. Bxf5 Qa5+ 10. c3 Qxf5 11. O-O Qc8 12. Re1 e6 13. Bg5 O-O 14.
Qd2 Nd7 15. Bh6 Nf6 16. Re5 Rd8 17. Rae1 Rd5 18. c4 Rd7 19. Bxg7 Kxg7 20.
a4 Qf8 21. a5 Rad8 22. b4 Kg8 23. Rb1 Ne8 24. g4 Nc7 25. Qe3 Qg7 26. Re4
Ne8 27. Ne5 Rc7 28. Rf4 Nd6 29. c5 Nb5 30. g5 Rd5 31. Re1 a6 32. h4 Re7 33.
Ng4 Nc7 34. Nf6+ Kh8 35. Qf3 Rd8 36. Kg2 Nd5 37. Nxd5 Rxd5 38. Ree4 Kg8 39.
Rf6 Rf5 40. Rf4 Rxf4 41. Qxf4 Rd7 42. Kf3 1/2-1/2

[Event "6th EICC"]
[Site "Warsaw POL"]
[Date "2005.06.21"]
[Round "4"]
[White "Loeffler,S"]
[Black "Bocharov,D"]
[Result "1/2-1/2"]
[WhiteElo "2429"]
[BlackElo "2574"]
[EventDate "2005.06.18"]

1. Nf3 c5 2. e3 g6 3. d4 Bg7 4. Be2 Nf6 5. O-O O-O 6. dxc5 Qa5 7. a3 Qxc5
8. b4 Qc7 9. c4 b6 10. Bb2 Bb7 11. Nc3 d6 12. Rc1 Nbd7 13. Nd4 Rfc8 14. Nd5
Qd8 15. Bf3 Rab8 16. Qe2 Ne8 17. Bg4 e6 18. Bxe6 fxe6 19. Nxe6 Qh4 20. g3
Qh3 21. Ne7+ Kh8 22. Bxg7+ Nxg7 23. Nf4 Qh6 24. Nxc8 Rxc8 25. e4 g5 26. Nd5
Re8 27. Rc3 Qg6 28. Re3 g4 29. f4 gxf3 30. Qxf3 Ne6 31. Qf7 Nef8 32. Nc7
Rxe4 33. Qxg6 Nxg6 34. Rxe4 Bxe4 35. Rd1 Nge5 36. Rxd6 Bd3 37. c5 bxc5 38.
bxc5 Nxc5 39. Ne6 Ncd7 40. Nd8 Bb5 41. h3 Nc4 42. Rd3 Nde5 43. Rd5 a6 44.
Ne6 Nc6 45. Nc7 Nxa3 46. h4 Kg7 47. Rd7+ Kg8 48. Nd5 h6 49. Nf6+ Kf8 50.
Nh7+ Ke8 51. Nf6+ Kf8 1/2-1/2

[Event "6th EICC"]
[Site "Warsaw POL"]
[Date "2005.06.21"]
[Round "4"]
[White "Mazi,L"]
[Black "Kurnosov,I"]
[Result "0-1"]
[WhiteElo "2365"]
[BlackElo "2550"]
[EventDate "2005.06.18"]

1. e4 c5 2. Nf3 d6 3. d4 cxd4 4. Nxd4 Nf6 5. Nc3 a6 6. Bg5 e6 7. f4 Nbd7 8.
Qf3 h6 9. Bh4 e5 10. Nde2 exf4 11. Bxf6 Nxf6 12. Nxf4 Bg4 13. Qe3 Rc8 14.
h3 Bd7 15. O-O-O Be7 16. Kb1 O-O 17. g3 Re8 18. Bg2 Bf8 19. Rhf1 Re5 20.
Rd2 Qa5 21. Rdf2 d5 22. Nd3 Rxc3 23. bxc3 Ba3 24. Qd4 Nxe4 25. Ka1 Nxc3 26.
Rxf7 Bc5 27. Rxg7+ Kh8 28. Rg8+ Kxg8 29. Bxd5+ Rxd5 0-1

[Event "6th EICC"]
[Site "Warsaw POL"]
[Date "2005.06.21"]
[Round "4"]
[White "Dizdar,G"]
[Black "Bente,B"]
[Result "0-1"]
[WhiteElo "2524"]
[BlackElo "2218"]
[EventDate "2005.06.18"]

1. Nf3 Nf6 2. g3 g6 3. Bg2 Bg7 4. O-O O-O 5. c4 d6 6. Nc3 e5 7. d4 Nbd7 8.
h3 exd4 9. Nxd4 Nb6 10. b3 d5 11. c5 Nbd7 12. c6 Ne5 13. Ba3 Re8 14. cxb7
Bxb7 15. Rc1 a6 16. Na4 Ne4 17. Nc5 Nxc5 18. Bxc5 Nd7 19. e3 Nxc5 20. Rxc5
Bf8 21. Rc2 Qd7 22. Ne2 c5 23. Nf4 Rad8 24. Rd2 d4 25. Bxb7 Qxb7 26. exd4
Qb4 27. Re2 Rxe2 28. Qxe2 Bh6 29. dxc5 Bxf4 30. gxf4 Qxf4 31. Qg4 Qf6 32.
Rc1 Rd4 33. c6 Rxg4+ 34. hxg4 Qf4 35. Rc4 Qc7 36. b4 Kf8 37. a4 Ke7 38. b5
axb5 39. axb5 Kd8 40. g5 Qb6 41. Rb4 Qc5 42. Rb3 Qxg5+ 43. Kf1 Qd5 44. Rb2
Qd4 0-1

[Event "6th EICC"]
[Site "Warsaw POL"]
[Date "2005.06.21"]
[Round "4"]
[White "Heberla,B"]
[Black "Stocek,J"]
[Result "0-1"]
[WhiteElo "2454"]
[BlackElo "2585"]
[EventDate "2005.06.18"]

1. e4 c5 2. Nf3 d6 3. Nc3 a6 4. d4 cxd4 5. Nxd4 Nf6 6. a4 g6 7. Be2 Bg7 8.
O-O O-O 9. f4 Nc6 10. Be3 Bd7 11. Nb3 b6 12. Bf3 Qc7 13. Kh1 Rab8 14. Qe2
Nb4 15. Rfd1 Be6 16. Rd4 Nc6 17. Rdd1 Nb4 18. Qd2 Rfc8 19. Nd5 Nbxd5 20.
exd5 Bg4 21. Bxg4 Nxg4 22. c3 Qc4 23. Nc1 b5 24. axb5 Rxb5 25. Bg1 Nf6 26.
Bd4 Rxd5 27. b3 Qc7 28. Nd3 Ne4 29. Qe2 Rxd4 30. cxd4 Nc3 31. Qg4 Nxd1 32.
Rxd1 Bxd4 33. Nb4 h5 34. Qe2 Qb7 35. Qxa6 Qxa6 36. Nxa6 Rc3 37. b4 Rb3 38.
g3 Bc3 39. Rc1 Bxb4 40. Rc8+ Kg7 41. Rb8 Rb1+ 42. Kg2 Rb2+ 43. Kf3 Bc3 44.
Rxb2 Bxb2 45. Nb4 Ba3 46. Nd3 Kf6 47. Ke4 Ke6 48. f5+ gxf5+ 49. Kf3 Kf6 50.
Nf4 Bc1 0-1

[Event "6th EICC"]
[Site "Warsaw POL"]
[Date "2005.06.21"]
[Round "4"]
[White "Nevednichy,V"]
[Black "Thorfinnsson,Br"]
[Result "1-0"]
[WhiteElo "2566"]
[BlackElo "2442"]
[EventDate "2005.06.18"]

1. e4 c5 2. Nf3 d6 3. d4 cxd4 4. Nxd4 Nf6 5. Nc3 a6 6. Be3 e5 7. Nf3 h6 8.
Bc4 Qc7 9. Bb3 b5 10. a4 b4 11. Nd5 Nxd5 12. Bxd5 Bb7 13. c3 bxc3 14. Rc1
Bxd5 15. Qxd5 Qc6 16. Qxc6+ Nxc6 17. Rxc3 Kd7 18. Ke2 Be7 19. Nd2 Rab8 20.
Nc4 Ke6 21. Rd1 Rhc8 22. Nb6 Nd4+ 23. Bxd4 Rxc3 24. Bxc3 Rxb6 25. Rd5 f5
26. f3 Bg5 27. Kd3 fxe4+ 28. fxe4 Bc1 29. b4 g5 30. h3 h5 31. Kc4 Rc6+ 32.
Kb3 g4 33. hxg4 hxg4 34. b5 axb5 35. axb5 Rc8 36. Bb4 Rd8 37. Ba5 Rc8 38.
b6 Be3 39. Bb4 Rd8 40. b7 Ba7 41. Ka4 Bb8 42. Kb5 Kd7 43. Rd1 Rh8 44. Rc1
g3 45. Rc8 Rxc8 46. bxc8=Q+ Kxc8 47. Kc6 Ba7 48. Bxd6 Bd4 49. Be7 Bc3 50.
Bh4 Be1 51. Kd6 Bf2 52. Bf6 Be1 53. Ke6 Kc7 54. Bxe5+ Kd8 55. Kf7 1-0

[Event "6th EICC"]
[Site "Warsaw POL"]
[Date "2005.06.21"]
[Round "4"]
[White "Halkias,S"]
[Black "Atakisi,U"]
[Result "1/2-1/2"]
[WhiteElo "2549"]
[BlackElo "2439"]
[EventDate "2005.06.18"]

1. d4 d5 2. c4 c6 3. Nc3 Nf6 4. Nf3 dxc4 5. a4 Bf5 6. Ne5 Nbd7 7. Nxc4 Nb6
8. Ne5 a5 9. g3 e6 10. Bg2 Bb4 11. O-O O-O 12. e3 h6 13. Qe2 Bh7 14. Rd1
Qe7 15. e4 Nfd7 16. Nd3 e5 17. dxe5 Nxe5 18. Nxe5 Qxe5 19. Be3 Bc5 20. f4
Qe7 21. Bxc5 Qxc5+ 22. Qf2 Qxf2+ 23. Kxf2 Rfd8 24. Bf1 Kf8 25. Rxd8+ Rxd8
26. Ke3 Ke7 27. Rb1 Kd6 28. Rd1+ Ke7 29. Rxd8 Kxd8 30. Kd4 Kc7 31. Bh3 f6
32. Be6 Kd6 33. Ba2 Bg6 34. g4 c5+ 35. Ke3 Be8 36. Bb3 c4 37. Bc2 Kc5 38.
h4 Bc6 39. f5 Nd7 40. Kf4 Ne5 41. g5 hxg5+ 42. hxg5 Nd3+ 43. Bxd3 cxd3 44.
Ke3 Kc4 45. g6 d2 46. e5 fxe5 47. Kxd2 Bd7 48. Ne4 Kd4 49. f6 gxf6 50. g7
Be6 51. Nxf6 e4 52. g8=Q Bxg8 53. Nxg8 Kc4 54. Nf6 Kb3 55. Nxe4 Kxb2 56.
Nc5 Ka3 57. Kc3 b6 58. Nd7 Kxa4 59. Nxb6+ 1/2-1/2

[Event "6th EICC"]
[Site "Warsaw POL"]
[Date "2005.06.21"]
[Round "4"]
[White "Luch,M"]
[Black "Smeets,J"]
[Result "0-1"]
[WhiteElo "2417"]
[BlackElo "2518"]
[EventDate "2005.06.18"]

1. d4 Nf6 2. Nf3 g6 3. g3 Bg7 4. Bg2 d5 5. O-O O-O 6. c4 dxc4 7. Na3 c3 8.
bxc3 c5 9. Nc4 Nc6 10. Ba3 cxd4 11. cxd4 Be6 12. Rc1 Bd5 13. e3 Rc8 14. Qe2
Re8 15. Rfd1 Ne4 16. Nce5 b5 17. Nd2 Nxe5 18. Rxc8 Qxc8 19. Nxe4 Nc4 20.
Bc5 Qc6 21. f3 e5 22. Qf2 exd4 23. exd4 Bh6 24. Kh1 f5 25. Nc3 Ne3 26. Re1
Bf7 27. f4 Nxg2 28. Rxe8+ Qxe8 29. Kxg2 a5 30. a3 Bg7 31. Qe2 Qxe2+ 32.
Nxe2 Bc4 33. Ng1 b4 34. axb4 a4 35. b5 Bf8 36. b6 Bxc5 37. dxc5 a3 38. Kf2
Bd5 39. Ke3 a2 40. Kd4 Bb7 0-1

[Event "6th EICC"]
[Site "Warsaw POL"]
[Date "2005.06.21"]
[Round "4"]
[White "Reinderman,D"]
[Black "Marzolo,C"]
[Result "1/2-1/2"]
[WhiteElo "2509"]
[BlackElo "2388"]
[EventDate "2005.06.18"]

1. e4 c5 2. Nf3 e6 3. Nc3 d6 4. d4 cxd4 5. Nxd4 Nf6 6. Be2 Be7 7. O-O O-O
8. f4 Nc6 9. Be3 a6 10. Qe1 Qc7 11. Qg3 Nxd4 12. Bxd4 b5 13. a3 Bb7 14. Kh1
Bc6 15. Bd3 Qb7 16. Rae1 Rad8 17. Re2 b4 18. Nd1 g6 19. Bxf6 Bxf6 20. e5
Bg7 21. axb4 Qxb4 22. Bxa6 dxe5 23. fxe5 f5 24. exf6 Rxf6 25. Rg1 Rf4 26.
Bd3 e5 27. b3 1/2-1/2

[Event "6th EICC"]
[Site "Warsaw POL"]
[Date "2005.06.21"]
[Round "4"]
[White "Maier,C"]
[Black "Nalbandian,T"]
[Result "0-1"]
[WhiteElo "2387"]
[BlackElo "2508"]
[EventDate "2005.06.18"]

1. e4 Nf6 2. e5 Nd5 3. Nc3 Nxc3 4. dxc3 d6 5. Bf4 Nc6 6. exd6 cxd6 7. Qd2
e5 8. Be3 Be6 9. f4 Be7 10. Nf3 O-O 11. Be2 Qc7 12. O-O f5 13. Kh1 h6 14.
c4 g5 15. fxg5 f4 16. gxh6 fxe3 17. Qxe3 Rf4 18. Nxe5 Rxf1+ 19. Rxf1 Nxe5
20. Qg3+ Bg5 21. Qxg5+ Kh7 22. Qf6 Qd7 23. Bd3+ Nxd3 24. cxd3 Rg8 25. Qd4
Qc6 26. Rf3 b6 27. h3 Rg6 28. Kh2 Qc5 29. Qf4 Qe5 30. Qxe5 dxe5 31. Re3 Rg5
32. g4 Kxh6 33. b3 Bc8 34. Kg3 Kg6 35. Rf3 Kg7 36. d4 exd4 37. Kf4 Ra5 38.
a4 Kf6 39. Rd3 Re5 40. Rxd4 Re1 41. a5 Rf1+ 42. Kg3 Rb1 43. Rd3 bxa5 44.
Kf4 Be6 45. Ke4 a4 46. bxa4 Rb4 47. Rd4 Rxa4 48. Kf4 a5 49. h4 Ra1 50. g5+
Ke7 51. Ke3 a4 52. Kd2 Rb1 53. Kc2 Bf5+ 54. Kc3 Rb3+ 55. Kd2 a3 56. Rd5 a2
57. Ra5 Rh3 58. Ke1 Rh2 0-1

[Event "6th EICC"]
[Site "Warsaw POL"]
[Date "2005.06.21"]
[Round "4"]
[White "Babujian,L"]
[Black "Evdokimov,Alexa"]
[Result "1/2-1/2"]
[WhiteElo "2386"]
[BlackElo "2503"]
[EventDate "2005.06.18"]

1. e4 c5 2. Nf3 Nc6 3. Bb5 g6 4. O-O Bg7 5. Re1 Nf6 6. c3 O-O 7. h3 Qb6 8.
Bf1 d6 9. Na3 Bd7 10. d3 Rac8 11. Nc4 Qc7 12. e5 dxe5 13. Ncxe5 Nxe5 14.
Nxe5 Be6 15. Bf4 Qb6 16. Qc2 Rfd8 17. a4 Nd5 18. a5 Qb5 19. Bc1 Qe8 20. Ra4
Nf6 21. Bg5 Rd5 22. Bf4 Rdd8 23. Be2 Nd7 24. Nc4 Nb8 25. Raa1 Nc6 26. Bf3
Qd7 27. Re3 Bd5 28. Bg4 e6 29. Rae1 Kh8 30. Qa4 h5 31. Bd1 Bxc4 32. dxc4 e5
33. Bg3 f6 34. Bf3 Nd4 35. Qxd7 Nxf3+ 36. gxf3 Rxd7 37. f4 Bh6 38. Re4 Bxf4
39. Bxf4 exf4 40. Rxf4 Kg7 41. Re6 Rf8 42. Rfe4 Kf7 43. Kg2 Rc8 44. Kf3
Rd3+ 45. Ke2 Rd7 46. Re3 Rcd8 47. Kf3 Rc7 48. Ke2 g5 49. R6e4 Rcd7 50. b4
Rc8 51. f4 Rg8 52. bxc5 Rc7 53. f5 Rgc8 54. Kf3 Rd7 55. Rd4 Re7 56. Rd5
Rxe3+ 57. Kxe3 Ke7 58. Kd4 Rc6 59. Ke4 Ra6 60. Rd1 Rxa5 61. Kd4 Ra2 62.
Re1+ Kf7 63. Rb1 Rd2+ 64. Ke4 Rd7 65. Ra1 Re7+ 66. Kd5 Rd7+ 67. Ke4 a6 68.
c6 bxc6 69. Rxa6 Re7+ 70. Kd4 Re5 71. Rxc6 Rxf5 72. c5 h4 73. Ra6 Ke7 74.
c4 Rf3 75. Ra7+ Ke6 76. Ra6+ Ke7 77. Ra7+ Ke6 78. Ra6+ Kd7 79. Ke4 Rxh3 80.
Rxf6 Rg3 81. Rh6 h3 82. Kd5 Rd3+ 83. Ke4 Rc3 84. Kd4 Rf3 85. c6+ Kc7 86.
Kd5 Rf5+ 87. Kd4 Rf3 88. Kd5 g4 89. Rh7+ Kc8 90. Rh8+ Kc7 91. Rh7+ Kb6 92.
c5+ Ka6 93. Rh8 Rf7 94. Ke6 Rg7 95. Kf6 Rc7 96. Kf5 g3 97. Rxh3 Rf7+ 98.
Ke4 Rg7 1/2-1/2

[Event "6th EICC"]
[Site "Warsaw POL"]
[Date "2005.06.21"]
[Round "4"]
[White "Mastrovasilis,A"]
[Black "Kadziolka,B"]
[Result "1/2-1/2"]
[WhiteElo "2473"]
[BlackElo "2311"]
[EventDate "2005.06.18"]

1. c4 c5 2. Nc3 g6 3. g3 Bg7 4. Bg2 Nc6 5. a3 d6 6. Rb1 a5 7. Nf3 e5 8. O-O
Nge7 9. d3 O-O 10. Bd2 Rb8 11. Ne1 Be6 12. Nc2 d5 13. cxd5 Nxd5 14. Ne4 b6
15. b4 axb4 16. axb4 Ndxb4 17. Nxb4 Nxb4 18. Bxb4 cxb4 19. Rxb4 f5 20. Nc3
e4 21. d4 Rc8 22. Qd2 Rc4 23. Rxc4 Bxc4 24. Rd1 b5 25. e3 b4 26. Na4 Bb3
27. Rb1 Bxa4 28. Qa2+ Rf7 29. Qxa4 Bf8 30. Bf1 Rc7 31. Ra1 Kg7 32. Qb5 Qd7
33. Qe5+ Kh6 34. Qf4+ Kg7 35. Qe5+ Kh6 36. Ra8 Bd6 37. Qd5 Qc6 38. Qa5 Rb7
39. Ra6 Qc7 40. Qd5 b3 41. Rc6 Qb8 42. Rc1 b2 43. Rb1 Ra7 44. Rxb2 Qxb2 45.
Qxd6 Ra2 46. Qf4+ Kg7 47. Qe5+ Kh6 48. Qf4+ Kg7 49. Kg2 Qb6 50. Qe5+ Qf6
51. Qc7+ Kh6 52. h4 Rb2 53. Qc3 Rb6 54. Qc7 Qd6 55. Qf7 Qf6 56. Qc7 Qd6
1/2-1/2

[Event "6th EICC"]
[Site "Warsaw POL"]
[Date "2005.06.21"]
[Round "4"]
[White "Kuraszkiewicz,M"]
[Black "Bagheri,A"]
[Result "0-1"]
[WhiteElo "2300"]
[BlackElo "2518"]
[EventDate "2005.06.18"]

1. d4 Nf6 2. c4 e6 3. Nf3 Bb4+ 4. Bd2 c5 5. Bxb4 cxb4 6. g3 Nc6 7. Bg2 O-O
8. O-O d6 9. Nbd2 e5 10. d5 Nb8 11. a3 Na6 12. Qb3 bxa3 13. Rxa3 Re8 14.
Ne1 Bg4 15. f3 Bd7 16. Nd3 Qc7 17. e4 Nc5 18. Nxc5 Qxc5+ 19. Qe3 Qxe3+ 20.
Rxe3 a5 21. Rb3 Reb8 22. Rb6 Ra6 23. Rxa6 bxa6 24. b3 a4 25. Rb1 a5 26.
bxa4 Rxb1+ 27. Nxb1 Bxa4 28. Bh3 Kf8 29. Kf2 Ke7 30. Na3 Ne8 31. c5 dxc5
32. Nc4 Nd6 33. Nxa5 Bb5 34. Bf1 c4 35. Bh3 Kd8 36. Nc6+ Bxc6 37. dxc6 Kc7
38. Bd7 Nb5 39. Ke3 Nd4 40. Kd2 Nxf3+ 41. Kc3 Nd4 42. Kxc4 Nxc6 43. Be8 f6
44. Kd5 Nd4 45. Bh5 Kd7 46. Bg4+ Ke7 47. Bd1 g6 48. Bg4 Nc2 49. Be2 Ne3+
50. Kc5 f5 51. Kc6 fxe4 52. Kc5 h5 53. Kc6 Ke6 54. Kc5 Ng4 55. h3 Nf2 56.
Bf1 e3 57. Kc4 Ne4 0-1

[Event "6th EICC"]
[Site "Warsaw POL"]
[Date "2005.06.21"]
[Round "4"]
[White "Citak,S"]
[Black "Czarnota,P"]
[Result "1/2-1/2"]
[WhiteElo "2351"]
[BlackElo "2478"]
[EventDate "2005.06.18"]

1. d4 Nf6 2. c4 g6 3. Nf3 Bg7 4. g3 d6 5. Bg2 O-O 6. O-O Nbd7 7. Nc3 e5 8.
h3 Re8 9. dxe5 dxe5 10. Be3 Qe7 11. Nd5 Nxd5 12. cxd5 Nb6 13. Qb3 Bd7 14.
a4 c6 15. Bxb6 axb6 16. d6 Qxd6 17. Qxb6 Be6 18. Ng5 Rab8 19. Rfd1 Qe7 20.
Nxe6 Qxe6 21. e4 Bf6 22. Bf1 Bd8 23. Qb4 Be7 24. Qb6 h5 25. a5 h4 26. g4
Kg7 27. b3 Bd6 28. a6 bxa6 29. Qxc6 Bf8 30. Qxe6 Rxe6 31. Bc4 Rf6 32. Rd5
Rc8 33. Rxe5 Bc5 34. Ra2 a5 35. Rd5 a4 36. Rxa4 Bxf2+ 37. Kg2 Be3 38. Ra2
Re8 39. Re2 Bf4 40. Rd7 Kf8 41. b4 Re7 42. Rd8+ Kg7 43. b5 Rc7 44. Bd5 Rc3
45. Rf2 Rg3+ 46. Kf1 Rxh3 47. b6 Rh2 48. Rxh2 Bxh2+ 49. Kg2 Bg3 50. g5 Rxb6
51. Rd7 Rb2+ 52. Kh3 Rf2 53. Rb7 Kf8 54. Rd7 Rf4 55. Rb7 Bf2 56. Rb8+ Kg7
57. Rb7 Bd4 58. Rd7 Be5 59. Re7 Bc3 60. Rd7 Kf8 61. Rb7 Bd4 62. Rb8+ Kg7
63. Rb7 Bc5 64. Rd7 Kf8 65. Rd8+ Ke7 66. Rb8 Bd6 67. Rb7+ Kf8 68. Ra7 Be7
69. e5 Rf5 70. Kxh4 Rxe5 71. Ba2 Bxg5+ 72. Kg4 Be7 73. Kf3 Re3+ 74. Kxe3
Bc5+ 75. Kf4 Bxa7 76. Bb1 Kg7 77. Kg4 Kf6 78. Bc2 Be3 79. Bb3 Ke7 80. Bc2
Bc1 81. Bd3 Kd6 82. Kf3 Ke5 83. Bc2 f5 84. Bd3 g5 85. Bc2 Bd2 86. Bd3 Be1
87. Bc2 g4+ 88. Kg2 Kf4 89. Bd3 Bh4 90. Bc2 Kg5 91. Bd3 f4 92. Be2 1/2-1/2

[Event "6th EICC"]
[Site "Warsaw POL"]
[Date "2005.06.21"]
[Round "4"]
[White "Skurski,J"]
[Black "Karlsson,L"]
[Result "1/2-1/2"]
[WhiteElo "2299"]
[BlackElo "2472"]
[EventDate "2005.06.18"]

1. e4 e6 2. d4 d5 3. Nc3 Bb4 4. exd5 exd5 5. Bd3 Nf6 6. Nf3 O-O 7. O-O Bg4
8. h3 Bh5 9. g4 Bg6 10. Bg5 c6 11. Ne2 Nbd7 12. Ne5 Be7 13. Nxd7 Nxd7 14.
Bxe7 Qxe7 15. Ng3 Rae8 16. Kg2 Qb4 17. Rb1 Nf6 18. f3 Re7 19. a3 Qb6 20. h4
Rfe8 21. h5 Bxd3 22. Qxd3 Re3 23. Qd2 Qc7 24. Qf2 Qf4 25. Rbe1 g6 26. hxg6
hxg6 27. Rxe3 Rxe3 28. Ne2 Qg5 29. Ng3 Re6 30. Re1 Rxe1 31. Qxe1 Nd7 32.
Nf1 Nf8 33. Qe3 Qxe3 34. Nxe3 Ne6 35. c3 Nf4+ 36. Kg3 Ne2+ 37. Kf2 Nf4 38.
Kg3 Ne2+ 1/2-1/2

[Event "6th EICC"]
[Site "Warsaw POL"]
[Date "2005.06.21"]
[Round "4"]
[White "Van der Weide,K"]
[Black "Olszewski,Mi"]
[Result "0-1"]
[WhiteElo "2472"]
[BlackElo "2387"]
[EventDate "2005.06.18"]

1. e4 e5 2. Nf3 Nc6 3. d4 exd4 4. Nxd4 Bc5 5. Be3 Qf6 6. c3 Qg6 7. Qf3 Nxd4
8. cxd4 Bb4+ 9. Nc3 Ne7 10. Bd3 d5 11. O-O Bg4 12. Qf4 Bh3 13. Qg5 Be6 14.
Qh4 dxe4 15. Bxe4 Nf5 16. Bxf5 Bxf5 17. Nd5 Bd6 18. Bf4 Be4 19. Ne3 Be7 20.
Qh3 c6 21. Rac1 O-O 22. Qd7 Bf6 23. Be5 Rad8 24. Qh3 Bxe5 25. dxe5 Rd2 26.
Rcd1 Rxb2 27. Rd6 Qg5 28. f4 Qe7 29. Rfd1 Rxa2 30. Qg3 Qc7 31. f5 Qb6 32.
R6d4 Ra1 33. Rxa1 Qxd4 34. Rd1 Qc5 35. Kh1 f6 36. Qf4 Qxe5 37. Qf2 Re8 38.
h3 c5 39. Rd7 Bc6 40. Rd3 b5 41. Qa2+ Kh8 42. Qf7 c4 43. Ra3 a5 44. Ng4 Qf4
45. Ra1 Bxg2+ 46. Kg1 Bc6 0-1

[Event "6th EICC"]
[Site "Warsaw POL"]
[Date "2005.06.21"]
[Round "4"]
[White "Bleis,C"]
[Black "Haznedaroglu,K"]
[Result "0-1"]
[WhiteElo "2258"]
[BlackElo "2440"]
[EventDate "2005.06.18"]

1. f4 d5 2. Nf3 g6 3. e3 Bg7 4. Be2 Nf6 5. O-O O-O 6. d3 c5 7. Ne5 Nbd7 8.
Nxd7 Bxd7 9. Bf3 Bc6 10. Qe2 Nd7 11. e4 Nf6 12. Nd2 Rc8 13. Kh1 Qb6 14.
exd5 Bxd5 15. f5 Rce8 16. fxg6 hxg6 17. a4 Qc6 18. Qf2 e5 19. Bxd5 Qxd5 20.
Nb3 c4 21. Nd2 cxd3 22. cxd3 Qxd3 23. Qh4 Qd4 24. Qh3 e4 25. Re1 Re5 26.
Nf1 Rh5 27. Qb3 Ng4 28. Be3 Qxb2 29. Qc4 Nxe3 30. Nxe3 Qf2 31. Rab1 Rxh2+
32. Kxh2 Be5+ 33. Kh1 Kg7 34. a5 Rh8+ 0-1

[Event "6th EICC"]
[Site "Warsaw POL"]
[Date "2005.06.21"]
[Round "4"]
[White "Gaprindashvili,V"]
[Black "Matras,A"]
[Result "1-0"]
[WhiteElo "2415"]
[BlackElo "2280"]
[EventDate "2005.06.18"]

1. Nf3 d5 2. e3 Nf6 3. c4 c6 4. d4 Bf5 5. Nc3 e6 6. Nh4 Be4 7. f3 Bg6 8.
Qb3 Qb6 9. Nxg6 hxg6 10. Bd2 Nbd7 11. Be2 Bd6 12. c5 Qxb3 13. axb3 Rxh2 14.
Rxh2 Bxh2 15. Kf2 Bc7 16. b4 a6 17. b5 cxb5 18. Nxb5 Rc8 19. Nxc7+ Rxc7 20.
b4 Nb8 21. b5 axb5 22. Ra8 Nfd7 23. Bxb5 Ke7 24. Ba5 Rc8 25. Bb4 Kd8 26.
Ba5+ Ke7 27. Ke1 g5 28. Kd2 g6 29. Ra7 Nc6 30. Rxb7 Nxa5 31. Rxd7+ Kf6 32.
Ra7 Nc6 33. Bxc6 Rxc6 34. Kc3 Rc8 35. Rb7 Ra8 36. Kb4 Ra2 37. c6 Rc2 38.
Kb5 e5 39. dxe5+ Kxe5 40. Rxf7 d4 41. exd4+ Kxd4 42. c7 Kd5 43. Kb6 1-0

[Event "6th EICC"]
[Site "Warsaw POL"]
[Date "2005.06.21"]
[Round "4"]
[White "Erdogdu,M"]
[Black "Galazewski,T"]
[Result "1/2-1/2"]
[WhiteElo "2414"]
[BlackElo "2137"]
[EventDate "2005.06.18"]

1. e4 c5 2. Nf3 d6 3. d4 cxd4 4. Nxd4 Nf6 5. Nc3 Nc6 6. Bg5 e6 7. Qd2 a6 8.
O-O-O Nxd4 9. Qxd4 Be7 10. f3 O-O 11. h4 b5 12. Kb1 Bb7 13. Qd2 b4 14. Ne2
a5 15. Nd4 Qc7 16. Nb5 Qb6 17. Nxd6 Rfd8 18. e5 Bxd6 19. exd6 Bd5 20. Bxf6
gxf6 21. Qh6 Qxd6 22. Bd3 f5 23. Rh3 Qe5 24. g4 Qg7 25. Qf4 fxg4 26. Rg3 e5
27. Qe3 Be6 28. fxg4 a4 29. Re1 e4 30. Qxe4 a3 31. Qe5 axb2 32. Qxg7+ Kxg7
33. Re4 Ra4 34. Bc4 Bxc4 35. Rxc4 Rda8 36. Rb3 Rxa2 37. Rbxb4 Ra1+ 38. Kxb2
R8a2+ 39. Kc3 Rh1 40. Kb3 Raa1 41. g5 Kg6 42. Rb6+ Kg7 43. Rd6 Rab1+ 44.
Kc3 Rh3+ 45. Rd3 Rh2 46. Rf3 Rb7 47. Rff4 Rh3+ 48. Kd4 Rd7+ 49. Ke5 Rh2 50.
c3 Re2+ 51. Rce4 Ra2 52. Kf5 h5 53. c4 Rc7 54. Ke5 Ra5+ 55. Kd4 Ra4 56. Kc3
Ra1 57. Re2 Rb1 58. Rb2 Ra1 59. Rc2 Rb1 60. Rb2 Rc1+ 61. Rc2 Rb1 62. Rd4
Kg6 63. Rd6+ Kf5 64. Rf2+ Ke5 65. Rd5+ Ke4 66. Rdf5 Rh1 67. Rxf7 Rc1+ 68.
Kd2 R7xc4 69. Re2+ Kd5 70. Rf5+ Kc6 71. Rf6+ Kd5 72. Rf5+ Kd4 73. Rf4+ Kd5
74. Rxc4 Rxc4 75. Rg2 Rc7 76. Ke3 Ke5 77. Re2 Kf5 78. Rf2+ Kg4 79. Rf4+ Kg3
80. Re4 Ra7 81. Rd4 Re7+ 82. Kd3 Rc7 83. Ke4 Kxh4 84. Kf5+ Kg3 85. g6 Rc5+
86. Ke6 h4 87. g7 Rg5 88. Kf6 Rxg7 89. Kxg7 h3 90. Rd3+ Kg2 91. Rd2+ Kg1
92. Kg6 h2 1/2-1/2

[Event "6th EICC"]
[Site "Warsaw POL"]
[Date "2005.06.21"]
[Round "4"]
[White "Swiercz,D"]
[Black "Bakalarz,M"]
[Result "0-1"]
[WhiteElo "2136"]
[BlackElo "2408"]
[EventDate "2005.06.18"]

1. e4 e6 2. d4 d5 3. e5 c5 4. c3 Nc6 5. Nf3 Qb6 6. a3 c4 7. Nbd2 f6 8. exf6
Nxf6 9. Be2 Bd6 10. O-O O-O 11. Re1 e5 12. Nxc4 dxc4 13. Bxc4+ Kh8 14. dxe5
Nxe5 15. Nxe5 Bxe5 16. Rxe5 Ng4 17. Re2 Qc7 18. g3 Qxc4 19. f3 Bd7 20. Re4
Qc5+ 21. Qd4 Qxd4+ 22. Rxd4 Ne5 23. Rf4 Nxf3+ 24. Kf2 Nxh2 0-1

[Event "6th EICC"]
[Site "Warsaw POL"]
[Date "2005.06.21"]
[Round "4"]
[White "Krysztofiak,M"]
[Black "Azimi,R"]
[Result "1-0"]
[WhiteElo "2401"]
[BlackElo "2144"]
[EventDate "2005.06.18"]

1. d4 Nf6 2. c4 e5 3. dxe5 Ne4 4. Nd2 Nc5 5. Ndf3 Nc6 6. a3 a5 7. Bf4 Be7
8. e3 g5 9. Bg3 h5 10. h3 h4 11. Bh2 a4 12. Qc2 d6 13. Rd1 Be6 14. exd6
cxd6 15. Ne2 Qa5+ 16. Nc3 b5 17. Nd4 Nxd4 18. exd4 Na6 19. d5 Bd7 20. cxb5
Nc7 21. Be2 Nxb5 22. O-O Nxc3 23. bxc3 Qc5 24. Kh1 Qxa3 25. f4 g4 26. hxg4
h3 27. Bg1 hxg2+ 28. Kxg2 Bf6 29. Bd4 Bxd4 30. Qe4+ Kf8 31. Qxd4 Rg8 32.
Qf6 Bxg4 33. Qh6+ Ke8 34. Bxg4 Rxg4+ 35. Kf3 Kd7 36. Qf6 Rag8 37. Rb1 Qxc3+
38. Qxc3 Rg3+ 39. Ke4 Rxc3 40. Kf5 Rb3 41. Kf6 Ke8 42. Rfe1+ Kf8 43. f5 Rh8
44. Rh1 Rxh1 45. Rxh1 Ke8 46. Re1+ Kd8 47. Kxf7 a3 48. Ra1 Kd7 49. f6 Rf3
50. Kg7 Ke8 51. Rxa3 Rxa3 52. f7+ Kd7 53. f8=Q Rg3+ 54. Kh6 Re3 55. Qf5+
Kc7 56. Qc2+ Kd8 57. Qc6 Rh3+ 58. Kg5 Rg3+ 59. Kf4 Rg6 60. Kf5 Rh6 61. Kg4
Rf6 62. Qa8+ Ke7 63. Qb7+ Ke8 1-0

[Event "6th EICC"]
[Site "Warsaw POL"]
[Date "2005.06.21"]
[Round "4"]
[White "Godlauskas,K"]
[Black "Erenburg,S"]
[Result "0-1"]
[WhiteElo "2193"]
[BlackElo "2575"]
[EventDate "2005.06.18"]

1. e4 c6 2. d4 d5 3. exd5 cxd5 4. c4 Nf6 5. Nc3 e6 6. Nf3 Bb4 7. cxd5 Nxd5
8. Bd2 Nc6 9. Bd3 O-O 10. O-O Be7 11. Re1 Bf6 12. Ne4 Nce7 13. Nxf6+ Nxf6
14. Bg5 Ned5 15. Ne5 Qb6 16. Nc4 Qc7 17. Rc1 Bd7 18. Ne5 Qb6 19. Rc5 Bc6
20. Bb1 h6 21. Bh4 Qxb2 22. Qd3 Nf4 23. Qd1 N6d5 24. Bg3 Rac8 25. Nc4 Qb4
26. a3 Qa4 27. Qc1 b6 28. Nb2 Qxa3 29. Bxf4 bxc5 30. Bxh6 Qc3 0-1

[Event "6th EICC"]
[Site "Warsaw POL"]
[Date "2005.06.21"]
[Round "4"]
[White "Bednarek,S"]
[Black "Sliwinski,M"]
[Result "0-1"]
[WhiteElo "2321"]
[BlackElo "2186"]
[EventDate "2005.06.18"]

1. d4 d5 2. c4 c6 3. Nf3 Nf6 4. Nc3 e6 5. Bg5 Be7 6. e3 O-O 7. Qc2 Nbd7 8.
O-O-O h6 9. h4 dxc4 10. Bxc4 b5 11. Bb3 a5 12. a4 Ba6 13. Bxf6 Nxf6 14. Ng5
bxa4 15. Nxa4 Bb5 16. Nc5 a4 17. Ba2 Bxc5 18. dxc5 Qe7 19. Rd6 Rfd8 20. Rd4
Rxd4 21. exd4 Rd8 22. Nf3 Qc7 23. Qd2 Qa7 24. g4 a3 25. b3 Ne4 26. Qc2 Qa5
27. Re1 Rxd4 28. Rxe4 Rxe4 29. Qxe4 Qc3+ 30. Kd1 Bd3 31. Qe3 Qa1+ 32. Qc1
Qxa2 33. Nd2 Qb2 34. g5 Qe5 0-1